Parasitism and the platyhelminths (Record no. 31690)

MARC details
000 -LEADER
fixed length control field 00698nam a2200241Ia 4500
008 - FIXED-LENGTH DATA ELEMENTS--GENERAL INFORMATION
fixed length control field 191130s1998##################000#0#eng##
020 ## - INTERNATIONAL STANDARD BOOK NUMBER
International Standard Book Number 9780412804601
022 ## - INTERNATIONAL STANDARD SERIAL NUMBER
International Standard Serial Number 97075126
040 ## - CATALOGING SOURCE
Original cataloging agency ACL
Transcribing agency ACL
082 ## - DEWEY DECIMAL CLASSIFICATION NUMBER
Classification number 592.4 KEA
100 ## - MAIN ENTRY--PERSONAL NAME
Personal name Kearn, Graham C
245 ## - TITLE STATEMENT
Title Parasitism and the platyhelminths
Statement of responsibility, etc. Graham C. Kearn
250 ## - EDITION STATEMENT
Edition statement 1st ed
260 ## - PUBLICATION, DISTRIBUTION, ETC.
Place of publication, distribution, etc. London
Name of publisher, distributor, etc. Chapman & Hall
Date of publication, distribution, etc. 1998
300 ## - PHYSICAL DESCRIPTION
Extent xii, 544 p. : ill. ; 26 cm
500 ## - GENERAL NOTE
General note Includes bibliographical references (p. [484]-525) and index
650 ## - SUBJECT ADDED ENTRY--TOPICAL TERM
Topical term or geographic name entry element Host-parasite relationships
Topical term or geographic name entry element Platyhelminthes
Topical term or geographic name entry element Symbiosis
990 ## - EQUIVALENCES OR CROSS-REFERENCES [LOCAL, CANADA]
Link information for 9XX fields 8b236b8cac10000c50610f178dfc6dc9
991 ## -
-- 200466
Holdings
Withdrawn status Lost status Materials specified (bound volume or other part) Damaged status Not for loan Home library Current library Shelving location Date acquired Total Checkouts Full call number Barcode Date last seen Price effective from Koha item type
    hbk     Anna Centenary Library Anna Centenary Library 5TH FLOOR, B WING 09.10.2020   592.4 KEA 293237 09.10.2020 09.10.2020 English Books

Find us on the map